000 00648nam a22001937a 4500
999 _c166340
_d166340
005 20190722123525.0
010 _aENG-126022
020 _a9788178442020
_c1495.00
035 _aEN-109554
037 _bDBAD/PUB
082 _a301.24
100 _aHena Tabassum
245 _aTheories of social change /
_cby Hena Tabassum
260 _aNew Delhi
_bR.K. Pulblications
_c2018
270 _a4806/24, Bharat Ram Road, Darya Ganj
_bNew Delhi
_e110002
_k011-23285167, 65185557
_minfo@kkpublications.com
300 _aviii,296p.
_c25cm(Hb)
500 _aIncludes bibliographical references and index
942 _2ddc
_cEN
_h301.24
_mHEN